Statistiques concernant Monuments du monde par icones

Cliquez ici pour prendre le quiz!

Statistiques générales

  • Ce quiz a été pris 229 fois
  • Le résultat moyen est 11 sur 20

Statistiques - réponses

Réponse% Correct
Big Ben
99%
Statue de la Liberté
95%
Colisée
94%
Pyramides de Gizeh
92%
Christ Rédempteur
84%
Opéra de Sydney
84%
Taj Mahal
84%
Pont du Golden Gate
67%
Stonehenge
62%
Cité Interdite
50%
Machu Picchu
48%
Mont Saint-Michel
48%
Sainte-Sophie
43%
Phare d'Alexandrie
38%
Basilique Saint-Basile
29%
Colosse de Rhodes
29%
Chichén Itzá
23%
Alhambra
11%
Palais du Potala
6%
Université de Sankoré
3%

Distribution des résultats

Percentile par nombre de réponses

% des personnes avec chaque résultat

Votre développement - résultats

Vous n’avez pas pris ce quiz